000 00360nam a2200169Ia 4500
100 _aDeshpande/P.S/ Kakde/O.G
650 _aData structures
942 _cBK
366 _f25
654 _adata structures
245 _aC & Data structures
260 _bDreamtech
_c2005
082 _bDES
300 _a700
546 _aENGLISH
_cComputers
999 _c29635
_d29635